Le "Bulletin du Musée National de Varsovie" de Jan Białostocki
| Titel: | Le "Bulletin du Musée National de Varsovie" de Jan Białostocki / Janina Michałkowa |
|---|---|
| Verfasser: | |
| In: |
Muzeum Narodowe w Warszawie: Bulletin du Musée National de Varsovie, alle Artikel anzeigen |
| Veröffentlicht: | 1998 |
| Umfang: | Ill. |
| Format: | Aufsatz |
| Sprache: | Französisch | Vorliegende Ausgabe: | Online-Ausg. Heidelberg: Univ.-Bibl., 2015. - Online-Ressource. |
X
alg: 47176413 001A $06055:06-11-20 001B $03025:09-07-24 $t11:08:03.000 001D $06055:06-11-20 001U $0utf8 001X $00 002@ $0Oox 002C $aText $btxt $2rdacontent 002D $aComputermedien $bc $2rdamedia 002E $aOnline-Ressource $bcr $2rdacarrier 003@ $0471764132 004U $0urn:nbn:de:bsz:16-diglit-189478 $SV98 007A $0471764132 $aHEB 007I $0HHB-394501152 007I $0HHB-1464501157 009Q $SV98 $uhttp://digi.ub.uni-heidelberg.de/diglit/bmusvars1998/0011 $xH 010@ $afre 011@ $a1998 011B $a2015 021A $aLe @"Bulletin du Musée National de Varsovie" de Jan Białostocki $hJanina Michałkowa 028A $BVerfasser $#Michałkowa, Janina Beata $4aut $7 $8Michałkowa, Janina [Tnd] $9138884374 033N $pHeidelberg $nUniv.-Bibl. 033Q $aOnline-Ressource 034M $aIll. 037A $aEnthalten in: 39(1998), Seite 5-15 037G $aOnline-Ausg. 039B $aIn $8--Obvc--Muzeum Narodowe w Warszawie [Tb1]. Bulletin du Musée National de Varsovie. - Varsovie : Musée, 1960-2009. - Online-Ressource. - ISSN 0027-3791. - DOI 10.11588/diglit.17134. - urn:nbn:de:bsz:16-diglit-171349 $9320356507 044K $#Biuletyn Muzeum Narodowego w Warszawie $71108130607 $8$aBulletin du Musée National de Varsovie [Tu1] $9384947239 045E $c700 045T $a9,10 lok: 47176413 3 exp: 47176413 3 1 #EPN 201B/01 $009-11-20 $t22:55:54.226 201C/01 $009-11-20 201U/01 $0utf8 203@/01 $01129110303 204U/01 $0urn:nbn:de:bsz:16-diglit-189478 $SV98 208@/01 $a09-11-20 $bl lok: 47176413 78 exp: 47176413 78 1 #EPN 201B/01 $009-07-24 $t11:08:03.000 201C/01 $009-07-24 201U/01 $0utf8 203@/01 $01266548475 208@/01 $a09-07-24 $be 209A/01 $a/ $f000 $x00 209A/01 $ab*p $x01 220C/01 $aeja 244Z/01 $#Generalgouvernement Polen $#Polska $#Rzeczpospolita Polska $#Polska Rzeczpospolita Ludowa $#Poland $#Pologne $#République Polonaise $#Generalne Gubernatorstwo w Polsce $#Polish People's Republic $#Polska Rzeczpospolita Polen $#PRL $#RP $#Polen Generalgouvernement $#Polska Generalgouvernement $#Besetzte Polnische Gebiete $#Besetztes Gebiet in Polen $#Okupowane Polskie Obszary $#Obszary Okupowane w Polsce $#Volksrepublik Polen $#Polska Rosyjska $#Republic Polen $#Respublika Pol'ša $#Pol'skaja Narodnaja Respublika $#République de Pologne $#Polen Links der Weichsel $#Polska po Lewej Stronie Wisły $#Lenkija $#Polija $#Gubernija Carstva Pol'skago $#Republik Polen $74046496-9 $8--Tg1--Polen $x01 $9085129801 247C/01 $82080>Marburg/Lahn, Herder-Institut, Forschungsbibliothek, Bibliographieportal $9336309341
| LEADER | 00000caa a22000002c 4500 | ||
|---|---|---|---|
| 001 | 471764132 | ||
| 003 | DE-603 | ||
| 005 | 20240709110803.0 | ||
| 007 | cr|||||||||||| | ||
| 008 | 201106s1998 xx |||| o| u00||u|fre c | ||
| 024 | 7 | |a urn:nbn:de:bsz:16-diglit-189478 |2 urn | |
| 035 | |a (DE-599)HEB471764132 | ||
| 040 | |a DE-603 |b ger |c DE-603 |d DE-603 | ||
| 041 | |a fre | ||
| 084 | |a 700 |q DE-101 |2 sdnb | ||
| 084 | |a 9,10 |2 ssgn | ||
| 100 | 1 | |a Michałkowa, Janina |e Verfasser |4 aut |0 (DE-603)138884374 | |
| 245 | 0 | 0 | |a Le "Bulletin du Musée National de Varsovie" de Jan Białostocki |c Janina Michałkowa |
| 264 | 0 | |c 1998 | |
| 300 | |b Ill. | ||
| 336 | |a Text |b txt |2 rdacontent | ||
| 337 | |a Computermedien |b c |2 rdamedia | ||
| 338 | |a Online-Ressource |b cr |2 rdacarrier | ||
| 500 | |a Enthalten in: 39(1998), Seite 5-15 | ||
| 530 | |a Online-Ausg. | ||
| 533 | |b Heidelberg |c Univ.-Bibl. |d 2015 |e Online-Ressource |7 s2015uuuuxx u| | ||
| 630 | 0 | 7 | |a Bulletin du Musée National de Varsovie |0 (DE-588)1108130607 |0 (DE-603)384947239 |2 gnd |
| 773 | 0 | 8 | |i In |a Muzeum Narodowe w Warszawie |t Bulletin du Musée National de Varsovie |d Varsovie : Musée, 1960-2009 |h Online-Ressource |o 10.11588/diglit.17134 |o urn:nbn:de:bsz:16-diglit-171349 |x 0027-3791 |w (DE-603)320356507 |w (DE-600)2710807-7 |
| 856 | |u http://digi.ub.uni-heidelberg.de/diglit/bmusvars1998/0011 |x Verlag | ||
| 924 | 1 | |9 603 |a (DE-603)1129110303 |b DE-603 |c HES |d d | |
| 924 | 1 | |9 2080 |a (DE-603)1266548475 |b DE-2080 |c HES |d d |g / | |


